Atlético Madrid's Most Expensive Transfer Signings - Statistics

General Stats
  • This quiz has been taken 377 times
    224 since last reset
  • The average score is 16 of 25
Answer Stats
# Fee Club Left Season Answer % Correct
1 €127.20m SL Benfica 2019/20 João Félix
99%
2 €75.00m Manchester City 2024/25 Julián Alvarez
94%
3 €72.00m AS Monaco 2018/19 Thomas Lemar
88%
15 €30.00m Real Sociedad 2014/15 Antoine Griezmann
86%
21 €22.00m Barcelona 2023/24 Antoine Griezmann
86%
5 €42.00m Chelsea 2024/25 Conor Gallagher
82%
4 €60.00m Chelsea 2017/18 Diego Costa
79%
6 €40.00m FC Porto 2011/12 Radamel Falcao
74%
15 €30.00m Real Madrid 2019/20 Marcos Llorente
73%
8 €35.00m Chelsea 2020/21 Álvaro Morata
71%
8 €35.00m Udinese 2021/22 Rodrigo de Paul
67%
12 €34.50m Real Sociedad 2024/25 Robin Le Normand
66%
13 €32.00m Villarreal 2024/25 Alexander Sørloth
60%
8 €35.00m FC Porto 2015/16 Jackson Martínez
57%
21 €22.00m Tottenham Hotspur 2019/20 Kieran Trippier
57%
20 €23.00m Independiente 2006/07 Sergio Agüero
55%
17 €27.00m Dalian Pro 2020/21 Yannick Carrasco
54%
8 €35.00m Hertha Berlin 2021/22 Matheus Cunha
50%
18 €25.00m Espanyol 2019/20 Mario Hermoso
48%
13 €32.00m Sevilla 2016/17 Kévin Gameiro
46%
25 €21.75m Athletico Paranaense 2019/20 Renan Lodi
42%
7 €35.60m Sevilla 2017/18 Vitolo
42%
21 €22.00m Bayern Munich 2014/15 Mario Mandžukić
41%
18 €25.00m SL Benfica 2016/17 Nico Gaitán
32%
21 €22.00m Sporting Lisbon 2018/19 Gelson Martins
24%
No matching quizzes found
Score Distribution
Percent of People with Each Score
Percentile by Number Answered
Your Score History
You have not taken this quiz since the last reset